000 02469 a2200349 4500
999 _c112268
_d112268
003 BJBSDDR
005 20230411090104.0
007 ta
008 130319s2018 sp ||||| |||| 00| 0 spa d
020 _a9788423429714
020 _a8423429717
040 _bspa
_cBJBSDDR
041 _aspa
_heng
050 1 4 _aHG 1710
_bA521p 2018
082 0 0 _a332.178
100 1 _aAmmous, Saifedean,
_d1980-
240 1 0 _aBitcoin standard.
_lEspañol
245 1 3 _aEl patrón Bitcoin :
_bla alternativa descentralizada a los bancos centrales /
_cSaifedean Ammous ; traducido por Mercedes Vaquero Granados.
260 _aBarcelona :
_bEdiciones Deusto,
_c2018
300 _a374 p. ;
_c23 cm
500 _aTít. orig.: The Bitcoin Standard
520 _aLa crisis financiera ha dejado un poso general de desconfianza en la sociedad. Todo lo que tiene que ver con el mundo financiero es visto con un recelo no siempre justificado y, en este caldo de cultivo, han nacido las llamadas criptomonedas. Partiendo de esta premisa, el profesor y economista Saifedean Ammous explica, con afán pedagógico, la historia del dinero y expone por qué el futuro pertenece al Bitcoin, entre otras criptomonedas. Si los males del sistema financiero y monetario tienen que ver con la inestabilidad, la fragilidad o la creación de burbujas de activos, las criptomonedas, lejos de agravar estas críticas generalizadas, pueden ayudar a mitigarlas. Frente al intervencionismo, el Bitcoin, gracias a la tecnología blockchain que lo sustenta, ofrece un servicio de pago confiable, seguro, llamado a plantar cara al monopolio monetario de los bancos centrales. Desde las piedras preciosas hasta las monedas de curso corriente, pasando por el patrón oro y las burbujas de expansión crediticia, la historia del dinero es la de crisis y rupturas que buscan ser superadas, y este libro argumenta por qué podemos creer que el Bitcoin puede llegar a ser la solución a este problema histórico. Una lectura fascinante.Del prólogo de Nassim Nicholas Taleb, autor de El cisne negro
650 4 _aBitcoin (Moneda electrónica)
_96907
650 4 _aBitcoin (Moneda electrónica)
_xPolítica gubernamental
_923683
650 4 _aComercio electrónico
_91860
650 4 _aSistema electrónico de pagos
_915720
650 4 _aBlockchains (Bases de datos)
_914193
650 4 _aCriptomonedas
_96908
700 1 _aVaquero Granados, Mercedes
_91935
_etraductora
942 _2lcc
_cBK
946 _idpf